Di tarda antichità: scritti scelti
Guardat en:
| Autor principal: | |
|---|---|
| Format: | Llibre |
| Idioma: | italià |
| Publicat: |
Roma
Le Monnier Università
2008
|
| Edició: | 1a. ed |
| Col·lecció: | Studi Udisesi sul Mondo Antico. SUSMA, 6
|
| Matèries: | |
| Etiquetes: |
Afegir etiqueta
Sense etiquetes, Sigues el primer a etiquetar aquest registre!
|
MARC
| LEADER | 00000cam a2200000 a 4500 | ||
|---|---|---|---|
| 001 | UCD9400 | ||
| 003 | CL-VaPUC | ||
| 008 | 170616e20080900it |||||||||||||||||ita|d | ||
| 020 | |a 9788800207942 | ||
| 082 | 0 | 4 | |a 270.2 |b MAR |2 21 |
| 100 | |a Marcone, Arnaldo |e autor |9 622266 | ||
| 245 | 1 | 0 | |a Di tarda antichità: scritti scelti |
| 250 | |a 1a. ed | ||
| 300 | |a 257 p | ||
| 942 | |c BK | ||
| 945 | |d 20170616 21:05:00 |a arojas | ||
| 260 | |a Roma |b Le Monnier Università |c 2008 | ||
| 650 | 0 | |a Escrituras antiguas |9 340321 | |
| 650 | 0 | |a Historia de la iglesia |9 257565 | |
| 650 | 7 | |a IGLESIA PRIMITIVA |2 CL-VaPUC |9 394704 | |
| 650 | 0 | |a Historia del cristianismo |9 473480 | |
| 583 | |a last modification |c 20170616 21:05:00 |k Rodrigo Vera | ||
| 490 | 0 | |a Studi Udisesi sul Mondo Antico. SUSMA, 6 | |
| 999 | |c 368604 |d 368602 | ||
| 952 | |0 0 |1 0 |3 erb |4 0 |6 270_200000000000000_MAR_2008 |7 0 |8 A |9 483967 |a FDOLAF |b FDOLAF |e Laffi, Umberto, 1939- |i 5397480 |o 270.2 MAR 2008 |p 5397480 |r 2024-01-30 |w 2019-11-24 |y BK |z Catalogado en:20170616 |k LAF | ||